000 01103cam a22002411 4500
001 gs 35000080
003 DLC
005 20260227111339.0
008 880123s1934 ag bcf 000 0 spa c
010 _ags 35000080
035 _a(OCoLC)17379760
040 _aLibrary, U.S. Geological Survey
_cTxDaM
_dTxU
_dDLC
050 0 0 _aQE231
_b.A3 no. 39
051 _aQE231
_b.W46
100 1 _aWichmann, Richard,
_d1881-1930.
245 1 0 _aContribución al conocimiento geológico de los territorios del Neuquén y del Río Negro,
_cpor Ricardo Wichmann; con 24 laminas y un bosquejo geológico ejecutados en el taller de grabados de la Dirección de Minas.
260 _aBuenos Aires,
_bTalleres Gráficos del Ministerio de Agricultura de la Nación,
_c1934.
300 _a27 p.
_b24 pl. (part col.) port., fold. col. map.
_c27 cm.
490 0 _aArgentine Republic. Dirección de Minas y Geologia. [Ser. B] Boletin
_vno. 39
500 _aAt head of title: Republica Argentina. Ministerio de Agricultura de la Nacion.
650 0 _aGeology
_zArgentina
_zNeuquén.
650 0 _aGeology
_zArgentina
_zRío Negro.
999 _c27171
_d27171